Problem solving and programming concepts / (Record no. 734)
[ view plain ]
| 000 -LEADER | |
|---|---|
| fixed length control field | 00647cam a2200217 a 4500 |
| 001 - CONTROL NUMBER | |
| control field | 3487962 |
| 005 - DATE AND TIME OF LATEST TRANSACTION | |
| control field | 20241106170227.0 |
| 008 - FIXED-LENGTH DATA ELEMENTS--GENERAL INFORMATION | |
| fixed length control field | 940726s1995 njua 001 0 eng |
| 020 ## - INTERNATIONAL STANDARD BOOK NUMBER | |
| International Standard Book Number | 9780024153500 |
| 050 00 - LIBRARY OF CONGRESS CALL NUMBER | |
| Classification number | QA76.6 |
| Item number | .S684 1995 |
| 082 00 - DEWEY DECIMAL CLASSIFICATION NUMBER | |
| Classification number | 005.1 |
| Edition information | 20 |
| 100 1# - MAIN ENTRY--PERSONAL NAME | |
| Personal name | Sprankle, Maureen. |
| 245 10 - TITLE STATEMENT | |
| Title | Problem solving and programming concepts / |
| Statement of responsibility, etc. | Maureen Sprankle. |
| 250 ## - EDITION STATEMENT | |
| Edition statement | 3rd ed. |
| 260 ## - PUBLICATION, DISTRIBUTION, ETC. | |
| Place of publication, distribution, etc. | Englewood Cliffs, N.J. : |
| Name of publisher, distributor, etc. | Prentice Hall, |
| Date of publication, distribution, etc. | c1995. |
| 300 ## - PHYSICAL DESCRIPTION | |
| Extent | xv, 471 p. : |
| Other physical details | ill. ; |
| Dimensions | 28 cm. |
| 500 ## - GENERAL NOTE | |
| General note | Includes index. |
| 650 #0 - SUBJECT ADDED ENTRY--TOPICAL TERM | |
| Topical term or geographic name entry element | Computer programming. |
| 650 00 - SUBJECT ADDED ENTRY--TOPICAL TERM | |
| Topical term or geographic name entry element | Problem solving |
| General subdivision | Data processing. |
| 942 ## - ADDED ENTRY ELEMENTS (KOHA) | |
| Source of classification or shelving scheme | Library of Congress Classification |
| Koha item type | Books |
| Edition | 3rd Ed. |
| Suppress in OPAC | No |
| 999 ## - | |
| -- | 734 |
| -- | 734 |
| Withdrawn status | Lost status | Source of classification or shelving scheme | Damaged status | Not for loan | Collection | Home library | Current library | Shelving location | Date acquired | Total checkouts | Full call number | Barcode | Date last seen | Copy number | Price effective from | Koha item type |
|---|---|---|---|---|---|---|---|---|---|---|---|---|---|---|---|---|
| Library of Congress Classification | Non-fiction | Science Library (Miotso) | Science Library (Miotso) | General stacks | 11/06/2024 | QA76.6 .S684 SPR | SLM00000394 | 11/06/2024 | 1 | 11/06/2024 | Books |